Principles and techniques for the beauty : specialist

Bibliographic Details
Main Author: Gallant, Ann
Format: Book
Published: England : Stanley Thornes , 1980
Edition:2nd ed
Subjects:

MARC

LEADER 00000cam a2200000 7i4500
001 0000002624
002 000002851
005 .0
020 |a 0859504492 
090 0 0 |a 646.72   |b GAL 
100 1 |a Gallant, Ann 
245 1 0 |a Principles and techniques for the beauty :   |b specialist   |c Ann Gallant 
250 |a 2nd ed 
260 |a England :   |b Stanley Thornes ,   |c 1980 
300 |a 338p. ;   |c 23cm. 
650 0 0 |a Beauty culture 
999 |a 036049   |b BUKU   |c PINJAMAN   |e PERPUSTAKAAN KOMUNITI PETALING JAYA